Παιδαγωγική του θεάτρου

Αποθηκεύτηκε σε:
Λεπτομέρειες βιβλιογραφικής εγγραφής
Κύριος συγγραφέας: Παπαδόπουλος, Σίμος
Μορφή: Βιβλίο
Γλώσσα:Greek
Δημοσίευση: Αθήνα : Παπαδόπουλος, c2010.
Θέματα:
Ετικέτες: Προσθήκη ετικέτας
Δεν υπάρχουν, Καταχωρήστε ετικέτα πρώτοι!

MARC

LEADER 00000cam a2200000 i 4500
001 1/29590
008 130516s2010 gr | ||| |||| ||gre||
020 |a 9789609320146 
035 |l 10114406 
040 |a GR-MY-UA  |b gre  |e aacr 
041 0 |a gre 
082 7 |a 372.66   |2 (22) 
100 1 |a Παπαδόπουλος, Σίμος. 
245 1 0 |a Παιδαγωγική του θεάτρου /   |c Σίμος Παπαδόπουλος.  
260 |a Αθήνα :   |b Παπαδόπουλος,   |c c2010.  
300 |a 676 σ. :   |b εικ. ;   |c 24 εκ.  
500 |a Περιλαμβάνονται έργα της Δήμητρας Λαμπρέτσα.  
504 |a Περιλαμβάνει βιβλιογραφικές παραπομπές και ευρετήριο.  
650 0 0 |a Theater  |x Study and teaching. 
650 0 0 |a Drama  |x Study and teaching. 
650 0 0 |a Drama in education. 
650 0 0 |a Children's plays. 
852 |a INST  |b RHODES  |c EUDOXUS  |e 20130516  |h 372.66 ΠΑΠ  |p 005400035197  |q 005400035197  |t EDX  |y 0 
852 |a INST  |b RHODES  |c EUDOXUS  |e 20151109  |h 372.66 ΠΑΠ  |p 005400038095  |q 005400038095  |t EDX  |y 0 
901 |a BIBL4-2013-2 
909 |a Ρ  |b 176726 
920 |a Εύδοξος  |b Παραγγελία  |y Ρόδος-ΠΤΔΕ  |z 2013-05 
920 |a Εύδοξος  |b Επιστροφή  |y Ρόδος  |z 2015-11 
922 |a 4ΕΛΗ 
970 |z 2013/05/16